The colour of hope (Record no. 128382)

MARC details
000 -LÍDER
campo de controle de tamanho fixo 00926nam a22001577a 4500
001 - NÚMERO DE CONTROLE
campo de controle 128382
003 - IDENTIFICADOR DO NÚMERO DE CONTROLE
campo de controle OSt
005 - DATA E HORÁRIO DA ÚLTIMA TRANSAÇÃO
campo de controle 20240327182515.0
008 - CAMPO DE DADOS FIXOS--INFORMAÇÃO GERAL
campo de controle de tamanho fixo 240327b |||||||| |||| 00| 0 POR d
040 ## - FONTE DA CATALOGAÇÃO
Instituição da catalogação original BR - IDEA
Instituição que transcreveu o registro BR - IDEA
245 ## - TÍTULO
Título The colour of hope
Indicação de responsabilidade, etc. Ross MacKenzie
300 ## - DESCRIÇÃO FÍSICA
Extensão 354 p
500 ## - NOTA GERAL
Nota geral Years ago, the Emperor used dark magic to steal all the colour from the world. Now he keeps it for himself, enjoying its life-giving power while everyone else must exist in cold shades of grey. That is, until a miracle baby is born – everything she touches turns to colour. But the child’s life is in danger from her very first breath. Soon the Emperor’s murderous Ripper Dogs and Black Coats come hunting. Can the girl and her adopted father survive in the forest – and what will it take to return colour and hope to the world?
690 ## - ENTRADA LOCAL DE ASSUNTO--TERMO TÓPICO (OCLC, RLIN)
Subdivisão geral Literatura infanto juvenil
942 ## - ELEMENTOS DE ENTRADA ADICIONADOS (KOHA)
Fonte da classificação ou esquema de arquivamento na estante
Tipo de material Koha Livros
Prefixo do número de chamada Year 8 [Fic] MAC
Ocultar no OPAC Não
Holdings
Situação do descarte Situação das perdas Fonte da classificação ou esquema de arquivamento na estante Situação física Não pode ser emprestado Biblioteca de origem Biblioteca atual Data de aquisição Total de empréstimos Número de chamada completo Código de barras Data de último acesso Data do preço efetivo Tipo de material Koha
    Classificação Decimal de Dewey     ECB - SUDOESTE ECB - SUDOESTE 27/03/2024   Year 8 [Fic] MAC 7910509142SSW 27/03/2024 27/03/2024 Livros